Zemědělci v Německu a jejich vědecké zázemí.
Charakteristické črty vývoja poľnohospodárstva v Spolkovej republike Nemecko za posledných 20 rokov. Hlavné okruhy štátnej podpory v poľnohospodárstve SRN. Zameranie špeciálnych ekologických programov. Činnosť Nemeckej poľnohospodárskej spoločnosti.
Salvato in:
| Natura: | Capitolo di libro |
|---|---|
| Lingua: | ceco |
| Soggetti: | |
| Tags: |
Nessun Tag, puoi essere il primo ad aggiungerne!!
|
MARC
| LEADER | 00000naa a2200000 4500 | ||
|---|---|---|---|
| 001 | r004064 | ||
| 005 | 20221125075930.2 | ||
| 041 | 0 | |a cze | |
| 044 | |a [CS] | ||
| 245 | 1 | 0 | |a Zemědělci v Německu a jejich vědecké zázemí. |
| 520 | |a Charakteristické črty vývoja poľnohospodárstva v Spolkovej republike Nemecko za posledných 20 rokov. Hlavné okruhy štátnej podpory v poľnohospodárstve SRN. Zameranie špeciálnych ekologických programov. Činnosť Nemeckej poľnohospodárskej spoločnosti. | ||
| 610 | 2 | 0 | |a poľnohospodárstvo |
| 610 | 2 | 0 | |a Nemecko |
| 610 | 2 | 0 | |a 1970-1990 |
| 610 | 2 | 0 | |a ekológia |
| 610 | 2 | 0 | |a politika poľnohospodárska |